000
00343nam a2200157Ia 4500
100
_a
Patel/R.C/ Karamchandani
490
_v
II
942
_c
BK
654
_a
Heat Engines
245
_a
Elements Of Heat Engines Vol II
260
_b
Acharya Book Depot
_c
1969
082
_a
621.4
_b
PAT
300
_a
579
546
_a
ENGLISH
999
_c
33652
_d
33652